The case for investing in London's affordable housing (Record no. 112433)

MARC details
000 -LEADER
fixed length control field 01011cad a22002175a 4500
001 - CONTROL NUMBER
control field L153248
008 - FIXED-LENGTH DATA ELEMENTS--GENERAL INFORMATION
fixed length control field 110630s2011 xxk f 000 0 eng d
035 ## - SYSTEM CONTROL NUMBER
System control number (Sirsi) u153248
041 0# - LANGUAGE CODE
Language code of text/sound track or separate title eng
050 04 - LIBRARY OF CONGRESS CALL NUMBER
Classification number 306.1 $2 18
100 1# - MAIN ENTRY--PERSONAL NAME
Personal name Whitehead, Christine
245 04 - TITLE STATEMENT
Title The case for investing in London's affordable housing
Medium [electronic resource]
260 ## - PUBLICATION, DISTRIBUTION, ETC.
Place of publication, distribution, etc. London
Name of publisher, distributor, etc. London School of Economics
Date of publication, distribution, etc. 2011
520 ## - SUMMARY, ETC.
Summary, etc. Considers reasons for attracting government investment in London's affordable housing sector. Housing needs, value for money, investment, rates of return are highlighted as the key factors for attracting government investment. Commissioned by G15 group of housing associations.
590 ## - LOCAL NOTE (RLIN)
Local note KA
651 #4 - SUBJECT ADDED ENTRY--GEOGRAPHIC NAME
Geographic name London
690 ## - LOCAL SUBJECT ADDED ENTRY--TOPICAL TERM (OCLC, RLIN)
Topical term or geographic name as entry element PROPERTY-RESIDENTIAL PROPERTY-DOMESTIC RESIDENTIAL PROPERTY-HOUSING
700 1# - ADDED ENTRY--PERSONAL NAME
Personal name Travers, Tony
856 40 - ELECTRONIC LOCATION AND ACCESS
Uniform Resource Identifier <a href="https://www2.lse.ac.uk/geographyAndEnvironment/research/london/pdf/g15report.pdf">https://www2.lse.ac.uk/geographyAndEnvironment/research/london/pdf/g15report.pdf</a>
Public note View the item free of charge at www2.lse.ac.uk
942 ## - ADDED ENTRY ELEMENTS (KOHA)
Suppress in OPAC 0
Holdings
Withdrawn status Lost status Source of classification or shelving scheme Damaged status Not for loan Home library Current library Shelving location Date acquired Total Checkouts Full call number Barcode Date last seen Copy number Price effective from Koha item type
    Dewey Decimal Classification     Virtual Virtual Online 30/06/2011   ONLINE PUBLICATION 153248-2001 06/08/2019 1 06/08/2019 Book